| 000 | 00644nam a2200193 4500 | ||
|---|---|---|---|
| 999 |
_c171161 _d171161 |
||
| 005 | 20200116121327.0 | ||
| 010 | _aENG-127288 | ||
| 020 |
_a9789386519252 _c200.00 |
||
| 035 | _aEN-110820 | ||
| 037 | _bDBAD/PUB | ||
| 082 | _a592 | ||
| 100 | _aArumugam,C.N | ||
| 245 |
_aAnimal Diversity : _cby C.N ,Arumugam _b Invertebrata & Chordata / |
||
| 260 |
_aNew Delhi _bSaras Publishers _c2018 |
||
| 270 |
_a114/35GA.R.P Camp Road periavilai,Kottar P.O Nagercoil Kanyakumari Dist _bTamil Nadu _e629002 _minfo@saraspublication.com |
||
| 300 |
_aXiii,526p. _c24cm(pbk) |
||
| 500 | _ainclude index | ||
| 942 |
_2ddc _cEN _h301.153 _mDOG |
||